Statistics for Germany's 2016 Football Team (last three letters)

Click here to take the quiz!

General Stats

  • This quiz has been taken 131 times
  • The average score is 21 of 23

Answer Stats

player% Correct
11Julian Drax{ler}
100%
8Mesut Ö{zil}
100%
13Thomas Mül{ler}
100%
17Jérôme Boat{eng}
99%
7Bastian Schweinstei{ger}
98%
10Lukas Podol{ski}
98%
1Manuel Ne{uer}
98%
19Mario Gö{tze}
98%
5Mats Humm{els}
98%
18Toni Kr{oos}
98%
6Sami Khed{ira}
96%
14Emre {Can}
94%
22Marc-André ter Ste{gen}
93%
23Mario Go{mez}
93%
21Joshua Kimm{ich}
91%
20Leroy S{ané}
91%
9André Schür{rle}
88%
2Shkodran Must{afi}
87%
3Jonas Hec{tor}
85%
12Bernd L{eno}
84%
4Benedikt Höwe{des}
82%
15Julian We{igl}
71%
16Jonathan {Tah}
60%

Score Distribution

Percentile by Number Answered

Percent of People with Each Score

Your Score History

You have not taken this quiz